<?xml version="1.0" encoding="UTF-8"?>
<record
    xmlns:xsi="http://www.w3.org/2001/XMLSchema-instance"
    xsi:schemaLocation="http://www.loc.gov/MARC21/slim http://www.loc.gov/standards/marcxml/schema/MARC21slim.xsd"
    xmlns="http://www.loc.gov/MARC21/slim">

  <leader>01287nam a2200181Ia 4500</leader>
  <controlfield tag="008">120622s9999    xx            000 0 und d</controlfield>
  <datafield tag="020" ind1=" " ind2=" ">
    <subfield code="a">968-36-8202-2</subfield>
  </datafield>
  <datafield tag="082" ind1=" " ind2=" ">
    <subfield code="a">972.02 V831 2005</subfield>
  </datafield>
  <datafield tag="245" ind1=" " ind2=" ">
    <subfield code="a">Visi&#xF3;n de los vencidos : relaciones ind&#xED;genas de la conquista / Introducci&#xF3;n ; selecci&#xF3;n y notas Miguel Le&#xF3;n-Portilla : versi&#xF3;n de textos n&#xE1;huas &#xC1;ngel Mar&#xED;a Garibay K. : ilustraciones de los c&#xF3;dices Alberto Beltr&#xE1;n</subfield>
  </datafield>
  <datafield tag="250" ind1=" " ind2=" ">
    <subfield code="a">26</subfield>
  </datafield>
  <datafield tag="260" ind1=" " ind2=" ">
    <subfield code="a">M&#xE9;xico : UNAM, Coordinaci&#xF3;n de Humanidades</subfield>
  </datafield>
  <datafield tag="300" ind1=" " ind2=" ">
    <subfield code="a">236 p</subfield>
  </datafield>
  <datafield tag="440" ind1=" " ind2=" ">
    <subfield code="a">Biblioteca del Estudiante Universitario, 81</subfield>
  </datafield>
  <datafield tag="500" ind1=" " ind2=" ">
    <subfield code="a">Incluye: referencias bibliogr&#xE1;ficas p. 221-232 ; &#xED;ndice de ilustraciones documentales p. 233 ; &#xED;ndice general p. 235-236</subfield>
  </datafield>
  <datafield tag="505" ind1=" " ind2=" ">
    <subfield code="a">Presagios de la venida de los espa&#xF1;oles.- Primeras noticias de la llegada de los espa&#xF1;oles.- Las idas y venidas de los mensajeros.- Actitud psicol&#xF3;gica de Motecuhzoma.- Los espa&#xF1;oles se ponen en marcha : llegada a Tlaxcala y Cholula.-  Nuevo env&#xED;o de pres</subfield>
  </datafield>
  <datafield tag="650" ind1=" " ind2=" ">
    <subfield code="a">M&#xC9;XICO - HISTORIA - CONQUISTA, 1519-1540\  \ LITERATURA NAHUATL - TRADUCCIONES AL ESPA&#xD1;OL\ \ LITERATURA ESPA&#xD1;OLA - TRADUCCIONES DEL NAHUATL</subfield>
  </datafield>
  <datafield tag="700" ind1=" " ind2=" ">
    <subfield code="a">Le&#xF3;n Portilla, Miguel, 1926- , ed.\ Garibay K., &#xC1;ngel Mar&#xED;a (Garibay Kintana), 1892-1967\ Beltr&#xE1;n, Alberto; ilus.&#xCC;</subfield>
  </datafield>
  <datafield tag="952" ind1=" " ind2=" ">
    <subfield code="0">0</subfield>
    <subfield code="1">0</subfield>
    <subfield code="4">0</subfield>
    <subfield code="7">0</subfield>
    <subfield code="a">22</subfield>
    <subfield code="b">22</subfield>
    <subfield code="d">2011-09-01</subfield>
    <subfield code="l">2</subfield>
    <subfield code="o">972.02 V831 2005</subfield>
    <subfield code="p">01 012952</subfield>
    <subfield code="r">2013-12-05</subfield>
    <subfield code="s">2013-12-05</subfield>
    <subfield code="t">1</subfield>
    <subfield code="w">2012-06-24</subfield>
    <subfield code="y">LB</subfield>
  </datafield>
  <datafield tag="999" ind1=" " ind2=" ">
    <subfield code="c">61313</subfield>
    <subfield code="d">61313</subfield>
  </datafield>
</record>
